Регионална библиотека "Любен Каравелов" - Русе

Хляб и рози (Запис номер 181213)

MARC детайли
000 -Лидер
Контролно поле с фиксирана дължина 01106nam a2200325 c 4500
003 - Код на организацията, давaща контролен номер
Контролно поле BLK
005 - Дата и час на последна редакция
Контролно поле 20240325163446.0
008 - Елементи от данни с фиксирана дължина
fixed length control field 180411b bul|||||r ||||||| ||bul||
010 ## - Наследен системен номер
LC control number KNG00190106000
040 ## - Източник на каталожния запис
Идентификатор на билиотеката - собственик на записа BLK
041 ## - Код за език
Код за езика на текст/звукозапис или на отделно заглавие Български
Код за езика КДБФ Български
080 ## - УДК
Текстов определител УДК Краезнание
УДК код - определител по УДК 908
УДК определител (497.2)
УДК - код + определител 908(497.2)
100 ## - Редна дума - Автор
Автор Колев, Константин
R(LIN) 366941
139 ## - Редно поле
Редна дума Колев, Константин
Авторски знак Колев - К 78
245 10 - Сведения за заглавието
Заглавие Хляб и рози
Подзаглавни данни Казанлъшка мозайка
Редно поле (дума) Константин Колев; с предг. от Дамян Петров Дамянов.
257 ## - Страна на издаване
Страна на създаване/издаване България
260 ## - Област на издателските данни
-- София
Име на издателя, разпространителя и проч. Профиздат
Година на издаване 1983
300 ## - Физическа характеристика
Страници 232 с.
Размери/Мащаб 21 см
380 ## - Жанр
Жанр География
650 #4 - Допълнително описание по предмет – тема
Основно описание – тема или топоним Казанлък - история
9 (RLIN) 342465
651 #4 - Допълнително описание по предмет - топоним
Географско понятие Казанлък
9 (RLIN) 178979
653 ## - Ключова дума – ненормативна
Ключова дума Казанлък
700 ## - Други автори (авторска отговорност)
Лично име Дамянов, Дамян Петров
9 (RLIN) 363661
852 ## - Местоположение
Форматна сигнатура Цб 123138
856 4# - Електронен адрес и достъп
Електронен формат pdf - файл
Път до файла /url/
856 4# - Електронен адрес и достъп
Електронен формат pdf - файл
Път до файла /url/
942 ## - АРТИКУЛИ
Вид на библиотечния материал Книги
Скрит в OPAC Не
944 ## - СЪЗДАВАНЕ И РЕДАКЦИЯ на ЗАПИСА
Създаване/Редакция Създаване
Дата на регистрацията/редакция 31.10.2016
Служител, извършил регистрацията/редакцията 30560
Статус, дата на статуса Геновева Генчева
944 ## - СЪЗДАВАНЕ И РЕДАКЦИЯ на ЗАПИСА
Създаване/Редакция Редакция
Дата на регистрацията/редакция 31.10.2016
Служител, извършил регистрацията/редакцията Теодора_Стоянова
999 ## - СИСТЕМНИ КОНТРОЛНИ НОМЕРА
Koha biblionumber 181213
Koha biblioitemnumber 181213
Наличности
Код за отписване Код за изгубен артикул Източник на класификационната схема Код за повреда Коз за рестрикции Код за отдаване Артикулен № Име на библиотеката - собственик Име на библиотеката, в която се намира в момента Статус (Текущо местоположение) Дата на вписване в системата Местоположение - отдел Цена в лева Инвентарен номер Систематично азбучна сигнатура Баркод Номер на екземпляра Цена в евро Служебна бележка Служебен тип на артикула
  Не е изгубен Universal Decimal Classification Не е повреден без рестрикции ползва се в читалня 310447 Регионална библиотека "Любен Каравелов" Русе Регионална библиотека "Любен Каравелов" Русе Хранилище 1983-01-01 Хранилище 1.46 384430 Цб 123138 900000011247 1 0.75 Вид: Сф Дата: 01.01.1983 Книги
Изтеглен Не е изгубен Universal Decimal Classification Не е повреден без рестрикции заемане за дома 310448 Регионална библиотека "Любен Каравелов" Русе Регионална библиотека "Любен Каравелов" Русе Заемна - подръчен фонд 1983-01-01 Заемна - подръчен фонд 1.46 386975 П 908(497.2)/К 78 386975 2 0.75 Вид: Сф Дата: 01.01.1983 Дата инв: 08.02.2018 Бележки инв: П2018 Книги
Vip Innovations Ltd, Rousse, Bulgaria 2025